| Tag |
First Indicator |
Second Indicator |
Subfields |
| LEADER |
00000cam a2200000 a 4500 |
| 001 |
in00001501021 |
| 005 |
20160130063853.0 |
| 008 |
730207s1963 nyuaf 000 0 eng u |
| 010 |
|
|
|a 63019953
|
| 035 |
|
|
|a (OCoLC)00555099
|
| 035 |
|
|
|9 AJH7378AM
|
| 040 |
|
|
|c WSU
|d OCL
|d IXA
|d UtOrBLW
|
| 041 |
1 |
|
|a eng
|a ger
|
| 049 |
|
|
|a TXAM
|
| 090 |
|
|
|a QB355
|b .G27 1963
|
| 100 |
1 |
|
|a Gauss, Carl Friedrich,
|d 1777-1855.
|
| 245 |
1 |
0 |
|a Theory of the motion of the heavenly bodies moving about the sun in conic sections :
|b a translation of Theoria motus /
|c translated and with an appendix by Charles Henry Davis.
|
| 264 |
|
1 |
|a New York :
|b Dover Publications,
|c 1963.
|
| 300 |
|
|
|a xvii, 326, 40 pages, 8 unnumbered pages of plates :
|b illustrations ;
|c 24 cm.
|
| 336 |
|
|
|a text
|b txt
|2 rdacontent
|
| 337 |
|
|
|a unmediated
|b n
|2 rdamedia
|
| 338 |
|
|
|a volume
|b nc
|2 rdacarrier
|
| 500 |
|
|
|a Reprint. Originally published: Little, Brown and Co., 1857.
|
| 650 |
|
0 |
|a Orbits.
|
| 700 |
1 |
|
|a Davis, Charles Henry,
|d 1807-1877.
|
| 700 |
1 |
2 |
|a Gauss, Carl Friedrich,
|d 1777-1855.
|t Theoria motus corporum coelestium in sectionibus conicis solem ambientium.
|l English.
|
| 999 |
|
|
|a MARS
|
| 999 |
f |
f |
|s a03409d6-7b39-3f81-80fa-49c29a2eef35
|i edba791e-80b5-3356-b8f2-fb2bea9ea085
|t 0
|
| 952 |
f |
f |
|p normal
|a Texas A&M University
|b College Station
|c Sterling C. Evans Library
|d Evans: Library Stacks
|t 0
|e QB355 .G27 1963
|h Library of Congress classification
|i unmediated -- volume
|m A14823858796
|
| 998 |
f |
f |
|a QB355 .G27 1963
|t 0
|l Evans: Library Stacks
|